name those flowers - Statistics

General Stats
  • This quiz has been taken 17 times
  • The average score is 4 of 7
Answer Stats
Picture Answer % Correct
rose
100%
poppy
81%
lotus
69%
dandelion
56%
water lily
44%
geranium
19%
moonflower
13%
No matching quizzes found
Score Distribution
Percent of People with Each Score
Percentile by Number Answered
Your Score History
You have not taken this quiz